000 01684nam a2200253Ia 4500
003 Ost
005 20260507075136.0
008 260507s9999||||xx |||||||||||||| ||und||
020 _a1285281977
040 _cfsecg
041 _aara
082 _a330
100 _aدغيم، أحمد علي
_eمؤلف
245 0 _aالطريق الى المعجزة الإقتصادية والقضاء نهائيا على البطالة في الدول النامية :
_bالصين تؤكد عمليا نجاح فكرتنا /
_c أحمد علي دغيم
260 _aالقاهرة:
_bالمكتبة الأكاديمية,
_c2006
300 _a298 صفحة؛
_bإيضاحات ؛
_c25 سم
504 _aالمراجع ص.267 الملاحق توجد منفصلة في مطبوعة لوحدها ونفس الشفرة أ/2179
520 _aأثر معونات الدول المتقدمة للعالم النامي على التنمية الإقتصادية، أثر التعاون المالي والإستثماري بين الدول المتقدمة والعالم النامي على التنمية الإقتصادية، الصورة الإقتصادية الحالية للدول العالم النامي، الصورة الإقتصادية المستقبلية المتوقعة للدول النامية، سياسة إقتصادية جديدة قادرة على الإنطلاق بالتنمية في الدول النامية الى أفاق فلكية.
653 _aالإقتصاد- الصين
653 _aالبطالة- البلدان النامية
653 _aالتنمية الإقتصادية
653 _aالسياسة الإقتصادية
942 _cكتاب
999 _c43271
_d43271